|
|
|
|
| LEADER |
00952nam a2200229 a 4500 |
| 001 |
GR-Patra7378 |
| 008 |
991022s1981 gr 000 0 gre d |
| 040 |
|
|
|a GrPaTEI
|b gre
|c GR-PaULI
|
| 245 |
0 |
2 |
|a Η τρίτη ηλικία =
|b the third age : προβλήματα και δυνατότητες.
|
| 260 |
|
|
|a Αθήνα :
|b Παρισιάνος,
|c 1981
|
| 300 |
|
|
|a 415σ., :
|b εικ.
|
| 500 |
|
|
|a Περιέχει βιβλιογραφία
|
| 650 |
|
4 |
|a ΑΣΘΕΝΕΙΕΣ
|
| 650 |
|
4 |
|a ΓΗΡΙΑΤΡΙΚΗ
|
| 650 |
|
4 |
|a Γηριατρική
|
| 650 |
|
4 |
|a ΤΡΙΤΗ ΗΛΙΚΙΑ
|
| 700 |
1 |
|
|a Δοντάς, Αναστάσιος Σ.
|
| 710 |
0 |
|
|a Παρισιάνος
|
| 942 |
|
|
|2 ddc
|
| 952 |
|
|
|0 1
|1 0
|2 ddc
|4 0
|6 618_970000000000000_ΔΟΝ
|7 0
|9 288514
|a LISK
|b LISK
|c BSC
|d 2021-01-17
|e 24
|f 0
|g 0.00
|l 0
|o 618.97 ΔΟΝ
|p 9241009363
|r 2021-01-17 00:00:00
|t 1
|w 2021-01-17
|y BK15
|x 19991024 0 1
|x GrPaTEI
|
| 971 |
|
|
|a .b26548938
|b 16-04-20
|c 23-09-16
|
| 999 |
|
|
|c 168303
|d 168303
|